Camille Claudel
Η αληθινή ιστορία της γλύπτριας Καμίλ Κλοντέλ και το χρονικό του δεσμού της με το διάσημο Ροντέν, από την σκιά του οποίου δεν μπόρεσε ποτέ να βγει.
Αποθηκεύτηκε σε:
| Άλλοι συγγραφείς: | , , |
|---|---|
| Μορφή: | |
| Γλώσσα: | French Greek |
| Δημοσίευση: |
Αθήνα :
Audio Visual Enterprises,
c2003.
|
| Θέματα: | |
| Ετικέτες: |
Προσθήκη ετικέτας
Δεν υπάρχουν, Καταχωρήστε ετικέτα πρώτοι!
|
MARC
| LEADER | 00000cgm a2200000 i 4500 | ||
|---|---|---|---|
| 001 | 1/2116 | ||
| 008 | 091029s2003 gr ||| | || ||fre|| | ||
| 035 | |l 10105860 | ||
| 040 | |a GR-MyUa |b gre |e AACR2 | ||
| 041 | 0 | |a fre |j gre | |
| 082 | 7 | |a 791.437 |2 (22) | |
| 245 | 0 | 0 | |a Camille Claudel |h [μαγνητοσκόπηση] / |c directed by Bruno Nuytten. |
| 260 | |a Αθήνα : |b Audio Visual Enterprises, |c c2003. | ||
| 300 | |a 1 βιντεοδίσκος (167 λεπτ.) : |b ομίλ., έγχρ. ; |c 4 3/4 ίν. + |e 1 φυλλάδιο | ||
| 500 | |a Κυκλοφόρησε πρώτη φορά ως κινηματογραφική ταινία το 1988. | ||
| 508 | |a Βασισμένο στο μυθιστόρημα του Reine-Marie Paris ; σενάριο, Bruno Nuytten, Marilyn Goldin ; μουσική, Gabriel Yared ; διεύθυνση φωτογραφίας, Pierre Lhomme ; μοντάζ, Joelle Hache, Jeanne Kef ; σχεδιασμός παραγωγής, Bernard Vezat. | ||
| 511 | 0 | |a Isabelle Adjani, Gerard Depardieu, Madeleine Robinson, Laurnet Grevill, Philippe Gevenot, Katrine Bodrman, Maxime Leroux, Roger Planchon, Jean-Pierre Sentier, Alain Cluny. | |
| 520 | 8 | |a Η αληθινή ιστορία της γλύπτριας Καμίλ Κλοντέλ και το χρονικό του δεσμού της με το διάσημο Ροντέν, από την σκιά του οποίου δεν μπόρεσε ποτέ να βγει. | |
| 546 | |a Στα γαλλικά με υπότιτλους στα ελληνικά. | ||
| 600 | 1 | 0 | |a Claudel, Camille, |d 1864-1943 |v Drama. |
| 655 | 7 | |a Feature films |2 lcgft | |
| 700 | 1 | |a Nuytten, Brumo, |e aus |e drt | |
| 700 | 1 | |a Adjani, Isabelle, |d 1955- |e act | |
| 700 | 1 | |a Depardieu, Gérard, |d 1948- |e act | |
| 852 | |a INST |b SYROS |c AV |e 20091029 |h 791.437 NUY |p 005500008120 |q 005500008120 |t DVD |y 23 | ||
| 901 | |a BIBL5-2008-1 | ||
| 922 | |a 5ΕΛΗ |b 200810 |c Βιβλιοθήκη Σύρου |d DVD Club Enter | ||
| 970 | |a Κοντού |b Παρασκευή |z 29/10/2009 | ||